000 00601nam a2200169 a 4500
008 120216s2001 ||||||||||||||||| || u
020 _a075065077x
050 _aTG 315 Rya
100 _aRyall, M. J
245 1 0 _aBridge management
_cby M. J. Ryall
260 _aOxford:
_bButterworth-Heinemann
_c2001
300 _axi, 450p.: ill
350 _a0.00
650 _aBRIDGES--MAINTENANCE AND REPAIR--MANAGEMENT
650 _aBRIDGES--INSPECTION
995 _FCBU-MAIN LIBRARY (Kitwe)
_I0.00
_M1
_UOUT
_WJun 26, 2012
_ZMain Library Open Access Collection
999 _c36127
_d36127